000 00557nam a2200229Ia 4500
003 OSt
005 20220918203220.0
006 a|||||r|||| 00| 0
007 ta
008 220917b |||||||| |||| 00| 0 eng d
024 _a106,828
037 _cTextual
040 _aARTS
_cARTS
_beng
041 _2eng
_aeng
082 _aV3:28:N6, K43
100 _aHinton N C
_9107382
245 0 _aGovernment and the citizen
260 _c1964
650 _aHISTORY
942 _hV3:28:N6, K43
_cTEXL
_2CC
999 _c230186
_d230186